Neetické jednání a korupce? Podle byznysmenů výhoda!

Tolerancia a akceptácia neetických spôsobov v podnikaní. Dvojaké vnímanie neetického postupu v podnikaní. Nejednoznačná legislatíva. Pasívny odpor k neetickému podnikaniu. Dobrý príklad vedenia firmy.

Gespeichert in:
Bibliographische Detailangaben
1. Verfasser: Kalát, Karel
Format: Buchkapitel
Sprache:Tschechisch
Schlagworte:
Tags: Tag hinzufügen
Keine Tags, Fügen Sie das erste Tag hinzu!

MARC

LEADER 00000naa$a2200000$$$4500
001 0038925
005 20231018125847.2
041 0 |a cze 
044 |a CZ 
245 1 0 |a Neetické jednání a korupce? Podle byznysmenů výhoda!  |c Karel Kalát 
520 |a Tolerancia a akceptácia neetických spôsobov v podnikaní. Dvojaké vnímanie neetického postupu v podnikaní. Nejednoznačná legislatíva. Pasívny odpor k neetickému podnikaniu. Dobrý príklad vedenia firmy. 
610 2 0 |a podnikanie 
610 2 0 |a podnikatelia 
610 2 0 |a etika 
610 2 0 |a kódexy etické 
610 2 0 |a korupcia 
610 2 0 |a vedenie podniku 
610 2 0 |a zamestnanci 
610 2 0 |a komunikácia firemná 
100 1 |a Kalát, Karel